| 000 | 00913nas a2200289 4500 | ||
|---|---|---|---|
| 001 | BR2019001480 | ||
| 003 | BR-BrBNA | ||
| 005 | 20231205131925.0 | ||
| 007 | ta | ||
| 008 | 230509b bl.|||p| |||| 00| 00por d | ||
| 040 |
_aBR-BrBNA _bpor _cBiblioteca Nacional de Agricultura |
||
| 041 | _a(Pt) | ||
| 072 | _aQ02 | ||
| 100 | 1 | _aSousa, K. dos S.M. de | |
| 100 | 1 | _aFigueirêdo, R.M.F. de | |
| 245 | 1 | _aProdução e caracterização da polpa de atemoia em pó | |
| 650 | _aATEMOIA | ||
| 650 | _aFRUTA TROPICAL | ||
| 650 | _aPOLPA | ||
| 650 | _aPROCESSAMENTO | ||
| 650 | _aSECAGEM | ||
| 650 | _aPROPRIEDADE FÍSICO-QUÍMICA | ||
| 773 | 0 |
_tRevista Brasileira de Fruticultura (Brazil) _xISSN 1806-9967 _g(Jul-Sep 2015), v. 37(3) p. 718-728 _wBR2019001480 |
|
| 856 | 4 | 0 | _uhttp://www.scielo.br/pdf/rbf/v37n3/0100-2945-RBF-37-3-718.pdf |
| 909 |
_a202311 _bLúcia _c55 _dLúcia Elande |
||
| 942 |
_2AGRIS _n0 _cANA |
||
| 999 |
_c257500 _d257500 |
||